书目信息 |
| 题名: |
中国年鉴
|
|
| 作者: | 中国年鉴编辑部 编 | |
| 分册: | 1995(总第15期) | |
| 出版信息: | 北京 中国年鉴社 |
|
| 页数: | 742页 | |
| 开本: | 26cm | |
| 丛书名: | ||
| 单 册: | ||
| 中图分类: | Z5 | |
| 科图分类: | ||
| 主题词: | ||
| 电子资源: | ||
| ISBN: | ||
| 000 | 00476nam0 2200169 45 | |
| 001 | 0181022815 | |
| 005 | 20061125112150.70 | |
| 010 | @b精装@dCNY128.00 | |
| 100 | @a20810111d km y0chiy0120 ea | |
| 101 | 0 | @achi |
| 200 | 1 | @Azhong guo nian jian@Fzhong guo nian jian bian ji bu@a中国年鉴@h1995(总第15期)@f中国年鉴编辑部编 |
| 210 | @a北京@c中国年鉴社 | |
| 215 | @a742页@d26cm | |
| 690 | @aZ5 | |
| 701 | 0 | @a中国年鉴编辑部@4编 |
| 801 | @aCN@bTSTC@c20061125 | |
| 905 | @dZ5@e10:(1995) | |
| 中国年鉴.1995(总第15期)/中国年鉴编辑部编.-北京:中国年鉴社 |
| 742页;26cm |
| ISBN (精装):CNY128.00 |
| ● |
| 相关链接 |
|
|
|
|
正题名:中国年鉴
索取号:Z5/10:(1995)
 
预约/预借
| 序号 | 登录号 | 条形码 | 馆藏地/架位号 | 状态 | 备注 |
| 1 | 0273425 | 202130728 | 第二样本阅览室/ [索取号:Z5/10:(1995)] | 在馆 |